| 000 | 01183nam a22001937a 4500 | ||
|---|---|---|---|
| 003 | JO-AjAnu | ||
| 005 | 20250715044952.0 | ||
| 008 | 250715b jo ||||| |||| 00| 0 ara d | ||
| 040 |
_aanu _cJO-AjAnu |
||
| 041 | _hara | ||
| 100 |
_aشناق، ناديه صالح محمد _eمعد _966574 |
||
| 245 |
_aفاعلية برنامج تعليمي مستند إلى استراتيجية الحواس المتعددة في تعليم حل المسائل الرياضية لدى الطلبة ذوي صعوبات التعلم = The Effectiveness of an Educational Program Based on the Multisensory Strategy in Teaching Mathematical Problem-Solving to Students with Learning Disabilties _c / إعداد ناديه صالح محمد شناق ؛ اشراف محمد أحمد العمري |
||
| 260 | _c2025 | ||
| 300 | _a121 ورقة | ||
| 500 | _aرسالة جامعية (رسالة ماجستير في التربية الخاصة) - جامعة عجلون الوطنية (الاردن-عجلون) - كلية العلوم التربوية ، 2025 | ||
| 650 | _vصعوبات التعلم-رياضيات | ||
| 700 |
_aالعمري، محمد أحمد _951125 _eمشرف |
||
| 942 |
_2lcc _cTHS _n0 |
||
| 999 |
_c33933 _d33933 |
||